000 00528nam a2200145 i 4500
001 183688
003 ES-MaACL
005 20230906221943.0
008 140923s1864 it |||| | ita d
110 1 _aItalia.
_bMinistero di Agricoltura, Industria e Commercio.
_9155577
245 1 0 _aOrdinamento delle camere di commercio ed arti in tutto il Regno /
_cMinistero d'agricoltura, industria e commercio.
260 _a[S.l. :
_bs.n.],
_c1864 (
_eTorino :
_fDalmazzo)
300 _a158 p. ;
_c25 cm.
852 _aES-MaACL
_jT-1352-F-4
999 _c183688
_d183688